000 00753nam a2200229 i 4500
001 189274
003 SpMaBN
005 20230906223432.0
008 190521s1967 sp |||| | spa d
080 _a222.2.017
100 1 _aAuzou, Georges.
_9167048
245 1 3 _aEl don de una conquista
_b: estudio del libro de Josué /
_cGeorges Auzou : [traducción por Antonio G. Fraile].
260 _aMadrid :
_bFax,
_c[1967]
300 _a254 p. ;
_c23 cm.
490 1 _aActualidad bíblica ;
_v4
500 _aÍndices.
630 0 7 _aBiblia.
_pA.T.
_pJosué-
_xCrítica e interpretación.
_9167050
700 1 _aGonzález Fraile, Antonio.
_9167051
830 0 _aActualidad bíblica ;
_v4
_9193281
852 _aES-MaACL
_jJ-9(4)
999 _c189274
_d189274